000 01313cam a2200289 a 4500
003 CO-ViMGA
008 030305s1985 sp af r 000 0 spa d
040 _aCO-ViMGA
_bspa
_cCO-ViMGA
043 _as-ck---
045 2 _b d1783
_b d1816
082 0 4 _a581.9861
_219
_bR31p
111 2 _aReal Expedición Botánica del Nuevo Reino de Granada
_d(1783 -1816)
_912842
245 1 0 _aPalmas y ciclantáceas
_cpromovida y dirigida por José Celestino Mutis ; Gloria Galeano-Garcés y Rodrigo Bernal-González
260 _aMadrid
_bCultura Hispánica
_c1985.
300 _avii, 36 p., 43 h. de láminas a color
_c54 cm.
500 _aLIBRO EN FORMATO GRANDE
500 _aPublicada bajo los auspicios de los gobiernos de España y de Colombia y merced a la colaboración de los Instituto de Cultura Hispánica de Madrid y Bogotá.
650 2 4 _aBotánica
_zColombia
_ySiglos XVII-XVIII
_912843
650 2 4 _aCiclantáceas
_vClasificación
_912857
650 2 4 _aPalmas
_vClasificación
_912856
700 1 _aBernal González, Rodrigo Germán
_d1959-
_912859
700 1 _aGaleano-Garcés, Gloria Amparo
_d1958-
_912858
700 1 _aMutis, José Celestino
_d1732-1808
_96807
710 2 _aInstituto Colombiano de Cultura Hispánica
_912830
710 2 _aInstituto de Cooperación Iberoamericana
_912851
942 _2ddc
_cBK
999 _c37062
_d37062